<?xml version="1.0" encoding="UTF-8"?>
<record
    xmlns:xsi="http://www.w3.org/2001/XMLSchema-instance"
    xsi:schemaLocation="http://www.loc.gov/MARC21/slim http://www.loc.gov/standards/marcxml/schema/MARC21slim.xsd"
    xmlns="http://www.loc.gov/MARC21/slim">

  <leader>00339nam a2200157Ia 4500</leader>
  <controlfield tag="003">OSt</controlfield>
  <controlfield tag="008">191201s2007    xx            000 0 und d</controlfield>
  <datafield tag="082" ind1=" " ind2=" ">
    <subfield code="a">429</subfield>
    <subfield code="b">THD</subfield>
  </datafield>
  <datafield tag="100" ind1=" " ind2=" ">
    <subfield code="a">THAKER, PK</subfield>
  </datafield>
  <datafield tag="245" ind1=" " ind2="0">
    <subfield code="a">Developing English skills</subfield>
  </datafield>
  <datafield tag="250" ind1=" " ind2=" ">
    <subfield code="a">IMP</subfield>
  </datafield>
  <datafield tag="260" ind1=" " ind2=" ">
    <subfield code="a">N. Delhi</subfield>
    <subfield code="b">Oxford</subfield>
    <subfield code="c">2007</subfield>
  </datafield>
  <datafield tag="300" ind1=" " ind2=" ">
    <subfield code="a">126</subfield>
  </datafield>
  <datafield tag="650" ind1=" " ind2=" ">
    <subfield code="a">BBA</subfield>
  </datafield>
  <datafield tag="942" ind1=" " ind2=" ">
    <subfield code="2">ddc</subfield>
    <subfield code="c">BK</subfield>
  </datafield>
  <datafield tag="999" ind1=" " ind2=" ">
    <subfield code="c">5538</subfield>
    <subfield code="d">5538</subfield>
  </datafield>
  <datafield tag="952" ind1=" " ind2=" ">
    <subfield code="0">0</subfield>
    <subfield code="1">0</subfield>
    <subfield code="2">ddc</subfield>
    <subfield code="4">0</subfield>
    <subfield code="7">0</subfield>
    <subfield code="8">BBA</subfield>
    <subfield code="a">PIET</subfield>
    <subfield code="b">PIET</subfield>
    <subfield code="d">2012-11-16</subfield>
    <subfield code="e">IBH, New Delhi</subfield>
    <subfield code="g">40.00</subfield>
    <subfield code="k">15491</subfield>
    <subfield code="l">1</subfield>
    <subfield code="o">429 THD</subfield>
    <subfield code="p">21297</subfield>
    <subfield code="r">2022-04-20 00:00:00</subfield>
    <subfield code="s">2022-04-12</subfield>
    <subfield code="w">2012-11-08</subfield>
    <subfield code="y">BK</subfield>
  </datafield>
  <datafield tag="952" ind1=" " ind2=" ">
    <subfield code="0">0</subfield>
    <subfield code="1">0</subfield>
    <subfield code="2">ddc</subfield>
    <subfield code="4">0</subfield>
    <subfield code="7">0</subfield>
    <subfield code="8">BBA</subfield>
    <subfield code="a">PIET</subfield>
    <subfield code="b">PIET</subfield>
    <subfield code="d">2012-11-16</subfield>
    <subfield code="e">IBH, New Delhi</subfield>
    <subfield code="g">40.00</subfield>
    <subfield code="k">15491</subfield>
    <subfield code="l">1</subfield>
    <subfield code="o">429 THD</subfield>
    <subfield code="p">21298</subfield>
    <subfield code="r">2023-01-25 00:00:00</subfield>
    <subfield code="s">2023-01-19</subfield>
    <subfield code="w">2012-11-08</subfield>
    <subfield code="y">BK</subfield>
  </datafield>
  <datafield tag="952" ind1=" " ind2=" ">
    <subfield code="0">0</subfield>
    <subfield code="1">0</subfield>
    <subfield code="2">ddc</subfield>
    <subfield code="4">0</subfield>
    <subfield code="7">0</subfield>
    <subfield code="8">BBA</subfield>
    <subfield code="a">PIET</subfield>
    <subfield code="b">PIET</subfield>
    <subfield code="d">2012-11-16</subfield>
    <subfield code="e">IBH, New Delhi</subfield>
    <subfield code="g">40.00</subfield>
    <subfield code="k">15491</subfield>
    <subfield code="l">0</subfield>
    <subfield code="o">429 THD</subfield>
    <subfield code="p">21299</subfield>
    <subfield code="r">2019-12-04 00:00:00</subfield>
    <subfield code="w">2012-11-08</subfield>
    <subfield code="y">BK</subfield>
  </datafield>
  <datafield tag="952" ind1=" " ind2=" ">
    <subfield code="0">0</subfield>
    <subfield code="1">0</subfield>
    <subfield code="2">ddc</subfield>
    <subfield code="4">0</subfield>
    <subfield code="7">0</subfield>
    <subfield code="8">BBA</subfield>
    <subfield code="a">PIET</subfield>
    <subfield code="b">PIET</subfield>
    <subfield code="d">2012-11-16</subfield>
    <subfield code="e">IBH, New Delhi</subfield>
    <subfield code="g">40.00</subfield>
    <subfield code="k">15491</subfield>
    <subfield code="l">0</subfield>
    <subfield code="o">429 THD</subfield>
    <subfield code="p">21300</subfield>
    <subfield code="r">2019-12-04 00:00:00</subfield>
    <subfield code="w">2012-11-08</subfield>
    <subfield code="y">BK</subfield>
  </datafield>
  <datafield tag="952" ind1=" " ind2=" ">
    <subfield code="0">0</subfield>
    <subfield code="1">0</subfield>
    <subfield code="2">ddc</subfield>
    <subfield code="4">0</subfield>
    <subfield code="7">0</subfield>
    <subfield code="8">BBA</subfield>
    <subfield code="a">PIET</subfield>
    <subfield code="b">PIET</subfield>
    <subfield code="d">2012-11-16</subfield>
    <subfield code="e">IBH, New Delhi</subfield>
    <subfield code="g">40.00</subfield>
    <subfield code="k">15491</subfield>
    <subfield code="l">1</subfield>
    <subfield code="o">429 THD</subfield>
    <subfield code="p">21301</subfield>
    <subfield code="r">2025-10-06 00:00:00</subfield>
    <subfield code="s">2025-09-22</subfield>
    <subfield code="w">2012-11-08</subfield>
    <subfield code="y">BK</subfield>
  </datafield>
  <datafield tag="952" ind1=" " ind2=" ">
    <subfield code="0">0</subfield>
    <subfield code="1">0</subfield>
    <subfield code="2">ddc</subfield>
    <subfield code="4">0</subfield>
    <subfield code="7">0</subfield>
    <subfield code="8">GENERAL</subfield>
    <subfield code="a">PIET</subfield>
    <subfield code="b">PIET</subfield>
    <subfield code="d">2012-11-16</subfield>
    <subfield code="e">IBH, New Delhi</subfield>
    <subfield code="g">40.00</subfield>
    <subfield code="k">15491</subfield>
    <subfield code="l">0</subfield>
    <subfield code="o">429 THD</subfield>
    <subfield code="p">21302</subfield>
    <subfield code="r">2019-12-04 00:00:00</subfield>
    <subfield code="w">2012-11-08</subfield>
    <subfield code="y">BK</subfield>
    <subfield code="z">Motivational</subfield>
  </datafield>
  <datafield tag="952" ind1=" " ind2=" ">
    <subfield code="0">0</subfield>
    <subfield code="1">0</subfield>
    <subfield code="2">ddc</subfield>
    <subfield code="4">0</subfield>
    <subfield code="7">0</subfield>
    <subfield code="8">BBA</subfield>
    <subfield code="a">PIET</subfield>
    <subfield code="b">PIET</subfield>
    <subfield code="d">2012-11-16</subfield>
    <subfield code="e">IBH, New Delhi</subfield>
    <subfield code="g">40.00</subfield>
    <subfield code="k">15491</subfield>
    <subfield code="l">2</subfield>
    <subfield code="o">429 THD</subfield>
    <subfield code="p">21303</subfield>
    <subfield code="r">2023-01-23 00:00:00</subfield>
    <subfield code="s">2022-12-29</subfield>
    <subfield code="w">2012-11-08</subfield>
    <subfield code="y">BK</subfield>
    <subfield code="z">.</subfield>
  </datafield>
  <datafield tag="952" ind1=" " ind2=" ">
    <subfield code="0">0</subfield>
    <subfield code="1">0</subfield>
    <subfield code="2">ddc</subfield>
    <subfield code="4">0</subfield>
    <subfield code="7">0</subfield>
    <subfield code="8">BBA</subfield>
    <subfield code="a">PIET</subfield>
    <subfield code="b">PIET</subfield>
    <subfield code="d">2012-11-16</subfield>
    <subfield code="e">IBH, New Delhi</subfield>
    <subfield code="g">40.00</subfield>
    <subfield code="k">15491</subfield>
    <subfield code="l">1</subfield>
    <subfield code="o">429 THD</subfield>
    <subfield code="p">21304</subfield>
    <subfield code="r">2023-01-21 00:00:00</subfield>
    <subfield code="s">2023-01-11</subfield>
    <subfield code="w">2012-11-08</subfield>
    <subfield code="y">BK</subfield>
  </datafield>
</record>
